Statistics for Closest Non-Bordering Countries

Click here to take the quiz!

General Stats

  • This quiz has been taken 1,828 times
    (970 since last reset)
  • The average score is 12 of 20

Answer Stats

ANSWER % Correct
Russia
81%
USA
78%
Indonesia
77%
Malaysia
77%
Singapore
76%
Singapore
76%
India
71%
Sri Lanka
70%
Sweden
66%
Denmark
66%
China
65%
Bahrain
59%
Taiwan
58%
Qatar
57%
Australia
46%
Papua New Guinea
44%
Namibia
25%
Zimbabwe
24%
Grenada
23%
St Vincent and the Grenadines
22%

Score Distribution

Percentile by Number Answered

Percent of People with Each Score

Your Score History

You have not taken this quiz since the last reset